[Event "Sachsen-ch U12 Girls"]
[Site "Sebnitz"]
[Date "2006.04.20"]
[Round "5"]
[White "Bernhardt, Anne Katrin"]
[Black "Pietschmann, Maria"]
[Result "0-1"]
[WhiteElo "830"]
[BlackElo "1105"]
[PlyCount "114"]
[EventDate "2006.04.18"]
[EventType "swiss"]
[EventRounds "7"]
[EventCountry "GER"]
[SourceTitle "EXT 2007"]
[Source "ChessBase"]
[SourceDate "2006.11.23"]
[SourceVersion "1"]
[SourceVersionDate "2006.11.23"]
[SourceQuality "1"]

1. e4 e5 2. d4 exd4 3. Qxd4 Nc6 4. Qe3 Bd6 5. Bd2 Qe7 6. Nc3 Nf6 7. 0-0-0 g6 8. Nb5 a6 9. Nxd6+ cxd6 10. Bc3 Rg8 11. f3 Nh5 12. g4 Ng7 13. Bc4 Rf8 14. Ne2 Ne6 15. Rhe1 f6 16. h4 g5 17. h5 h6 18. f4 Nc5 19. Rd5 Kd8 20. Ng3 b5 21. Be2 Bb7 22. Red1 b4 23. Bd2 a5 24. Nf5 Qxe4 25. Qxe4 Nxe4 26. Be3 Ne7 27. Bb6+ Ke8 28. Rxa5 Rxa5 29. Bxa5 Nxf5 30. gxf5 gxf4 31. Bxb4 Ke7 32. Bc4 Rc8 33. Bb3 f3 34. Rf1 f2 35. Re1 fxe1Q+ 36. Bxe1 d5 37. Bb4+ d6 38. Ba4 Rg8 39. Be1 Rg5 40. Bb5 Rxh5 41. Be2 Rxf5 42. b3 h5 43. c4 dxc4 44. bxc4 Ba6 45. Kc2 Rg5 46. Kd3 d5 47. Kd4 Bxc4 48. Bxc4 dxc4 49. Kxe4 c3 50. Bxc3 h4 51. Bd2 Rg8 52. Bf4 h3 53. Kf3 Rh8 54. Kf2 h2 55. Kg2 h1Q+ 56. Kg3 Qf1 57. Kg4 Ke6 0-1

[Event "Sachsen-ch U12 Girls"]
[Site "Sebnitz"]
[Date "2006.04.19"]
[Round "3"]
[White "Schiffer, Katharina"]
[Black "Bernhardt, Anne Katrin"]
[Result "1-0"]
[WhiteElo "1043"]
[BlackElo "830"]
[PlyCount "55"]
[EventDate "2006.04.18"]
[EventType "swiss"]
[EventRounds "7"]
[EventCountry "GER"]
[SourceTitle "EXT 2007"]
[Source "ChessBase"]
[SourceDate "2006.11.23"]
[SourceVersion "1"]
[SourceVersionDate "2006.11.23"]
[SourceQuality "1"]

1. c4 c5 2. Nc3 Nc6 3. d3 d6 4. e4 e5 5. Nge2 Nf6 6. g3 Bg4 7. Bg2 Be7 8. 0-0 0-0 9. h3 Bxe2 10. Qxe2 a6 11. f4 exf4 12. Rxf4 Nd7 13. Nd5 b5 14. b3 b4 15. Qb2 Bf6 16. Nxf6+ Nxf6 17. Rf5 Re8 18. Bg5 Re6 19. Raf1 Re5 20. Bxf6 Qa5 21. Bxe5 dxe5 22. Rxf7 h6 23. Qf2 Nd4 24. Rf8+ Rxf8 25. Qxf8+ Kh7 26. Rf7 Kg6 27. Qxg7+ Kh5 28. Qg4# 1-0